Name That Animal. - Statistics

General Stats
  • This quiz has been taken 924 times
  • The average score is 5 of 6
Answer Stats
Animal Sound Answer % Correct
meow cat
100%
moo cow
100%
bark dog
100%
maaa sheep
79%
coo owl
49%
squak chicken
43%
No matching quizzes found
Score Distribution
Percent of People with Each Score
Percentile by Number Answered
Your Score History
You have not taken this quiz